Miasto polskie na K - Statystyki

Ogólne statystyki
  • Ten quiz został rozwiązany 120 razy
  • Średni wynik to 4 z 7
Statystyki odpowiedzi
Odpowiedź % Poprawnych
Kraków
90%
Katowice
84%
Kielce
65%
Koszalin
63%
Kalisz
59%
Kętrzyn
19%
Kazimierz Dolny
5%
Nie znaleziono quizów pasujących do podanych kryteriów
Rozkład punktacji
Procent ludzi z każdym wynikiem
Percentyl według liczby udzielonych odpowiedzi
Twoja historia wyników
Nie rozwiązałeś tego quizu